Представление документа в формате RUSMARC

ПолеНазваниеЗначение
  Тип записи a
  Библиографический уровень m
001 Контрольный номер 47824140f55c4200bec6ccb68e87a0c4
005 Дата корректировки 20201206205153.2
100 Данные общей обработки __
a Данные общей обработки 19181226d2018||||||| 0rusy0189 ca
101 Язык документа 0_
a Язык текста rus
102 Страна публикации __
a Страна публикации ru
102 Страна публикации __
a Страна публикации RU
105 Кодированные данные (монография) __
a Кодированные данные (монография) a||||||||||zy
200 Заглавие и сведения об ответственности 1_
a Заглавие В погоне за ветром
f Первые сведения об ответственности Пьер Лагердам ; [иллюстрации предоставлены художником Г. С. Крыловым]
b Общее обозначение материала Текст
210 Выходные данные __
a Место издания Москва
c Издательство Спутник+
d Дата издания 2018
215 Физическое описание __
a Объем 2 кн.
d Формат 22 см
330 Аннотация __
a Аннотация Это книга о нас, о людях, где все герои разные, но все убеждаются только в одном, что миром правит любовь.
333 Примечание о целевом назначении __
a Примечание о целевом назначении 16+. Для детей старше 16 лет
606 Тематические рубрики __
a Основная рубрика Художественная литература
606 Тематические рубрики __
a Основная рубрика Современная русская литература (произведения)
610 Ключевые слова __
a Ключевые слова проза
610 Ключевые слова __
a Ключевые слова повести
610 Ключевые слова __
a Ключевые слова тема любви
610 Ключевые слова __
a Ключевые слова тема жизни
610 Ключевые слова __
a Ключевые слова тема человека
686 Индексы других классификаций __
2 Код системы rubbks
a Классификационный индекс 84(2=411.2)6-4; ст84(2Рос=Рус)6-4
700 Автор _1
a Фамилия Лагердам
b Имя П.
g Полное личное имя Пьер
4 Код отношения 070
702 Вторичная интеллектуальная ответственность _1
a Фамилия Крылов
b Имя Г. С.
4 Код отношения Художник
f Даты 1951-
g Полное личное имя Геннадий Сергеевич
4 Код отношения 040
801 Источник записи _0
a Страна ru
b Организация Муниципальное бюджетное учреждение культуры "Централизованная библиотечная система" г. Сургут (Центральная городская библиотека им. А. С. Пушкина)
c Дата составления 20181226
g Правила каталогизации PSBO
801 Источник записи _1
a Страна ru
b Организация Муниципальное бюджетное учреждение культуры "Централизованная библиотечная система" г. Сургут (Центральная городская библиотека им. А. С. Пушкина)
c Дата составления 20181226
g Правила каталогизации PSBO
852 Данные о местонахождении __
j Шифр хранения 84(2=411.2)6-4
i Авторский знак Л 14
901 Тип документа __
a Ответственный КиК/Апакова
t Тип документа v
903 Характеристики (МАРС) __
a Дата передачи 20181226